000 01179nam a2200337 i 4500
001 57439
003 CO-BoRNBP
005 20250702145836.0
007 ta
008 231129r2023 ck a br 000 p spa d
020 _a9789585463752
040 _aCO-BoRNBP
_bspa
_erda
_cCO-BoRNBP
041 0 _aspa
043 _as-cl---
084 _aP FER23
100 _aFerrada Lefenda, María José,
_d1977-
_eautora
_9915
245 1 4 _aLas visiones fantásticas
_cMaría José Ferrada ; ilustraciones Amalia Restrepo
250 _aEdición especial
264 1 _aBogotá, Colombia
_bTragaluz editores
_c2023
300 _a32 páginas
_bilustraciones a color
_c21 cm
336 _atexto
_btxt
_2rdacontent
337 _asin mediación
_bn
_2rdamedia
338 _avolumen
_bnc
_2rdacarrier
521 _aRecomendado para un público infantil a partir de los 6 años
650 1 7 _aPoesía infantil chilena
_ySiglo XX
_2LEMB
_960670
650 1 7 _aImaginación en la literatura
_2LEMB
_9890
650 1 7 _aLiteratura infantil chilena
_ySiglo XX
_2LEMB
_9917
650 1 7 _aAnimales en la literatura
_2LEMB
_9853
700 _aRestrepo, Amalia
_d1991-
_eilustradora
_960671
942 _2loc
_cBKLITI
999 _c57439
_d57439